| 000 | 01128nam a22002655a 4500 | ||
|---|---|---|---|
| 003 | OSt | ||
| 005 | 20180214151418.0 | ||
| 008 | 180214s2001 ua grbi 000 0 ara d | ||
| 017 | _a2001 / 15619 | ||
| 020 | _a9770175633 | ||
| 040 |
_aEG-ScBUE _bara _cEG-ScBUE |
||
| 043 | _af-ua--- | ||
| 082 | 0 | 4 |
_a320.8540962016 _bج و ا _222 |
| 100 | 1 | _aجوادي، محمد. | |
| 245 | 1 | 2 |
_aالمحافظون : _bقوائم كاملة وترتيبية وفهارس تفصيلية وأبجدية وزمنية ودراسة لتسلسل وتطور اختيار المحافظين منذ بدء نظام الإدارة المحلية، 1960 - 2001 / _cمحمد الجوادي. |
| 260 |
_aالقاهرة : _bالهيئة المصرية العامة للكتاب، _c2001. |
||
| 300 |
_a495 ص. ؛ _c24 سم. |
||
| 500 | _aيشتمل على ملاحق. | ||
| 504 | _aيشتمل على إرجاعات ببليوجرافية. | ||
| 650 | 7 |
_aالمحافظون _zمصر. _vكشافات. _2BUEsh |
|
| 650 | 7 |
_aالمحافظون _xاختيار وتعيين _zمصر. _2BUEsh |
|
| 651 | _2BUEsh | ||
| 653 |
_bGGEN _cFebruary2018 |
||
| 942 | _2ddc | ||
| 999 |
_c26141 _d26113 |
||